| 000 | 00619nam a22002177a 4500 | ||
|---|---|---|---|
| 003 | UA-OsUOA | ||
| 001 | 79146 | ||
| 007 | ta | ||
| 008 | 20111103b un ||||| |||| 00| 0 ukr d | ||
| 100 | _aНіколаєць Ю.О. | ||
| 090 |
_a94(477) _bН88 |
||
| 942 | _cSA | ||
| 040 |
_aUA-OsUOA _bukr _cUA-OsUOA _dUA-OsUOA |
||
| 245 | _aІсторична пам'ять про роль козаків у освоєні земель Донбасу | ||
| 300 | _aС.88-92 | ||
| 955 | _a0 | ||
| 041 | _aukr | ||
| 080 | _a94(477) | ||
| 773 | 0 | _w79129 | |
| 650 | 7 |
_a9 Географія. Біографії. Історія _2UDC |
|
| 999 |
_c365465 _d365465 |
||